000 01037 a2200217 4500
020 _a0071389997
040 _aDLC
_bDLC
082 0 0 _a621.388
100 1 _aEyer, Mark K.
245 1 0 _aPSIP: program and system information protocol; naming, numbering and navigation for digital television
_bprogram and system information protocol; naming, numbering and navigation for digital television
_cMark K. Eyer ; Jerry C. Whitaker, editor.
246 3 0 _aProgram and system information protocol.
260 _aNew York :
_bNcGraw-Hill,
_cc2003.
300 _axvii, 451 p. :
_bill. ;
_c25 cm.
440 0 _aMcGraw-Hill video/audio professional
650 0 _aDigital television
_xStandards.
700 1 _aWhitaker, Jerry C.
856 4 2 _3Contributor biographical information
_uhttp://www.loc.gov/catdir/bios/mh041/2003266205.html
856 4 2 _3Publisher description
_uhttp://www.loc.gov/catdir/description/mh031/2003266205.html
856 4 2 _3Table of contents
_uhttp://www.loc.gov/catdir/toc/mh031/2003266205.html
942 _cBK
_k621.388 EYE
_2ddc
999 _c8392
_d8392